[Event "Candidates Tournament"]
[Site "Moscow"]
[Date "2016.03.23"]
[Round "10"]
[White "Aronian, Levon"]
[Black "Topalov, Veselin"]
[Result "1/2-1/2"]
[WhiteElo "2786"]
[BlackElo "2780"]
[Annotator "Mekhitarian,K"]
[PlyCount "116"]
[EventDate "2016.03.11"]
[EventType "tourn"]
[EventRounds "14"]
[EventCountry "RUS"]
[EventCategory "22"]
[SourceTitle "CBM 172"]
[Source "ChessBase"]
[SourceDate "2016.05.12"]
[SourceVersion "1"]
[SourceVersionDate "2016.05.12"]
[SourceQuality "1"]

1. c4 {The English Opening, extensively discussed in the 2016 Candidates
Tournament. It can be justified by the current trend - being able to develop
your pieces and keep the game flexible without engaging in a theoretical
battle every single game.} e5 2. Nc3 Nf6 3. Nf3 Nc6 4. g3 Bb4 5. Bg2 O-O 6. O-O
d6 7. d3 h6 8. Na4 $5 {White simply wants to play a3-b4. This is a rare idea,
but it was also played in the very same round at the same Candidates
Tournament, by Svidler against Nakamura.} a5 {The standard reaction.} 9. b3 {
This is also possible because of Na4 (otherwise the knight would be hanging on
c3). After Bb2, e3, we go into a complex middlegame full of possibilities.} Qe7
(9... Re8 {was played in the other twin game of the round} 10. Bb2 Bf5 {
Black is not scared of e4, because that would simply weaken d4 too much} 11. e3
Qe7 12. a3 Bc5 13. Nc3 Qd7 14. Nd5 $5 {defines the position rather quickly, it
was also possible to keep everything more flexible, as did Aronian in his game.
} (14. d4 $5 exd4 15. exd4 Bb6 {and now both 16.d5 or the cool 16.Qd2 look
interesting for White}) 14... Nxd5 15. cxd5 Ne7 16. d4 exd4 17. Nxd4 Bh3 18. e4
$11 {½-½ (30) Svidler,P (2757)-Nakamura,H (2790) Moscow 2016, and after many
simplifications, the game ended in a draw at move 30.} (18. Qd3 $5 Bxg2 19.
Kxg2 c6 (19... Nxd5 $2 20. Nf5 $1 Qc6 21. Kg1 f6 22. b4 $1 axb4 23. axb4 Rxa1 (
23... Bxb4 $2 24. Rxa8 Rxa8 25. e4 $18 {because of Ne7+}) 24. Rxa1 Bxb4 25. Rd1
Nc3 26. Rc1 Qe4 27. Qxe4 Rxe4 (27... Nxe4 28. Rxc7 $18 {with a decisive attack}
) 28. Bxc3 Rc4 29. Bb2 Rxc1+ 30. Bxc1 $16 {should be winning for White}) 20.
dxc6 bxc6 21. Rac1 {also doesn't look much because Black has counterplay on
the b3-pawn as well} Rab8 $44)) 10. Bb2 Bc5 11. e3 {This is the spirit,
keeping a very flexible position, Black has to be watching d4 or Nh4-f4 as
well. Also, Black's dark-squared bishop becomes somewhat awkward, since White
is the one who will decide if he is going for d4, and when. I think the whole
point is that White can gradually improve his position by pushing his pawns 
(like the ones I mentioned, or even a3-b4). And that is annoying for Black,
who doesn't have a clear pawn break. His pieces eventually will lack space.}
Ba7 12. Nc3 Re8 13. Nh4 $5 {Avoiding ...Bf5 and asking Black how is he going
to develop from here.} Qd8 {A kind of mysterious way to reorganise the pieces,
the queen just came from d8!} 14. Qd2 Ne7 15. Rad1 c6 {Having developed almost
all the pieces, Aronian could start thinking about some central action.} 16.
Ne2 $5 {I think he wants to play d4 and be able to take with a piece, and then
put some pressure on d6.} (16. d4 exd4 17. exd4 d5 {probably wasn't too
attractive for White. If c5, Black is able to regroup with Bb8, and then the
d4-pawn could become a weakness.}) 16... Nf5 17. Nxf5 Bxf5 18. d4 Qc8 (18...
Qc7 {followed by Rad8 was also possible.The Qc8-Bh3 idea could be prepared
later, after bringing the rook to d8.} 19. Nc3 Rad8 $13) 19. Nc3 {The problem
for Black is that White gradually improves his position, and Black has to be
waiting. Topalov did try to take immediate action, but ended up in a worse
position.} exd4 $5 20. exd4 {Now there is a positional threat of d5, and Black
has to be creative to avoid going into a worse position.} Ne4 $2 {Seemingly
natural, this move puts Topalov in big trouble, because of his lack of
development.} (20... Bh3 $1 21. d5 {Black has to deal with the weakness of the
d6-pawn without playing ...c5 (that would simply bury the bishop on a7)} a4 $1
22. dxc6 (22. Nxa4 Ne4 23. Qd3 Qf5 $1 $132) 22... Bxg2 23. Kxg2 bxc6 24. Nxa4
Ne4 $132 {followed by ...Ng5, with counterplay.}) 21. Nxe4 Bxe4 22. Bxe4 Rxe4
23. Rfe1 $1 $16 {Simple and good, Black has problems controlling the invasion
on the e-file.} (23. d5 $6 {wouldn't be a big deal now} Bc5 $1 $11 {and Black
is fine after ...Qf5 and ...Rae8}) 23... Rxe1+ 24. Rxe1 Qf5 25. Re7 Rb8 26. Kg2
Bb6 27. Qe2 d5 28. c5 $2 (28. Qf3 $1 {keeping the pressure on d5, was stronger.
It is really hard to give Black any good advice here, his pieces are paralysed
and White has a clear plan (Rd7 to threaten d5, or force Black to play ...dxc4
and give White a passed pawn on the d-file)} Qxf3+ 29. Kxf3 dxc4 (29... a4 30.
cxd5 axb3 31. axb3 cxd5 32. Rd7 $16 {with big winning chances, after taking on
d5}) (29... Bd8 30. Re8+ Kh7 31. Ba3 Bc7 32. Re7 $18) 30. bxc4 $16 {and Ke4
followed by d5 (or Ba3-Bd6) most likely will be decisive.}) 28... Bd8 29. Re8+
Kh7 30. Bc3 (30. Qf3 $5 {was a possible try, but was not going to lead White
anywhere at this point} Qxf3+ (30... Qd7 $6 31. Rf8 f6 32. Qe2 {with a strong
initiative} Bc7 $2 33. Qd3+ g6 34. Rxf6 $18) 31. Kxf3 Kg6 {threatening ...Bc7
now that f7 is defended} (31... Bc7 $2 32. Re7 $18 {wins the f7-pawn and most
likely the game}) 32. Bc3 (32. a4 {there is no time for this} Bc7 $11) 32... a4
$1 (32... Bc7 33. Rxb8 Bxb8 34. Bxa5 $18 {is an easy win after a4-b4-b5, etc})
33. bxa4 Bc7 {now Black wants to play ...Ra8 if the white rook retreats} 34.
Rxb8 (34. Re2 Ra8 35. Rb2 Ra7 $11 {and it looks like Black will not have any
kind of problems holding this}) 34... Bxb8 $11 {has to be a draw, the extra
a-pawn is useless}) (30. Qe5 Qd7 $1 {and Black holds his own after ...Rc8 and
the bishop moving to f6, for example} (30... Qxe5 $2 31. dxe5 Kg6 {here
playing ...Bc7 doesn't help that much, White has a strong central pawn mass now
} 32. f4 Bc7 33. Re7 Rc8 34. g4 $18) 31. Bc3 Rc8 32. Qe2 {White tries to
retain a little pressure, but I think this is going nowhere} g6 33. h4 h5 $11 {
it is important to notice that the d4-pawn also could be under attack (after ..
.Bf6, for example).}) 30... Rc8 31. Rf8 (31. Qf3 Qd7 32. Rf8 Bf6 $1 33. Rxc8
Qxc8 34. Bxa5 Qa8 $132 {with enough counterplay to equalise the game.}) (31. h4
$5 Bc7 32. Re7 Kg8 33. h5 {this could be a small achievement - fixing the
structure on the dark squares on the kingside.} Kf8 34. Re3 Ra8 35. a4 Qd7 $11
{with ...Re8 next, I don't see how White will pose sany problems for Black.
The weakness on a5 and the fixing of the h6-g7 structure will not be enough,
the position remains very closed.}) 31... Bc7 32. Rxc8 Qxc8 33. Qe7 Kg8 34. h4
h5 35. Bd2 Qd8 $11 {Reaching full equality; White still plays on, but the
worst has passed for Black.} 36. Qe2 g6 37. Qe1 Kg7 38. a3 Qf6 39. b4 axb4 40.
axb4 Qf5 41. Qd1 f6 42. Be1 Kf7 43. f3 g5 44. Bf2 Qg6 45. Kf1 Qf5 46. Kg2 g4
47. f4 Qe4+ 48. Kg1 Ke6 49. Qb3 Qe2 50. Qb1 f5 51. Qa1 Qa6 52. Qe1+ Kf7 53. Qb1
Kf6 54. Qe1 Qa8 55. Qe2 Qc8 56. b5 Qe6 57. Qxe6+ Kxe6 58. b6 Bd8 1/2-1/2

[Event "Floripa Chess Open 2nd"]
[Site "Florianopolis"]
[Date "2016.01.21"]
[Round "8"]
[White "Carneiro, Vitor Roberto Castr"]
[Black "Mekhitarian, Krikor Sevag"]
[Result "1/2-1/2"]
[WhiteElo "2395"]
[BlackElo "2555"]
[Annotator "Mekhitarian,K"]
[PlyCount "72"]
[EventDate "2016.01.16"]
[EventType "swiss"]
[EventRounds "10"]
[EventCountry "BRA"]
[SourceTitle "CBM 171"]
[Source "ChessBase"]
[SourceDate "2016.03.14"]
[SourceVersion "2"]
[SourceVersionDate "2016.03.14"]
[SourceQuality "1"]

1. c4 e5 2. Nc3 Nf6 3. Nf3 Nc6 4. g3 {A classical approach, proposing to Black
to go into the Reversed Sicilian Dragon (with 4...d5).} Bb4 {Going into the
reversed Rossolimo Variation of the Sicilian (1.e4 c5 2.Nf3 Nc6 3.Bb5).} (4...
d5 5. cxd5 Nxd5 6. Bg2 Nb6 7. O-O Be7 {a super popular position nowadays,
specially when White wants a long, calm positional battle.}) 5. Bg2 O-O 6. O-O
{Honestly, I have no idea when it is better to play h6, d6 or Re8 in these
English Openings.} Re8 7. d3 h6 8. Bd2 (8. Nd5 {I was expecting this move} Bc5
9. Nxf6+ Qxf6 10. Nd2 Qg6 11. Ne4 d6 {during the game, I was not entirely
happy with the position, but it looks like Black is doing ok, since 12.Nxc5
getting the bishop pair is no big deal} 12. Nxc5 dxc5 $11 {and Black develops
easily with Bf5, Rad8, and Nd4 at some point.}) 8... a6 {I also don't know if
I should play a6 or a5 here. Either way, I wanted to put my bishop on c5 and
later on a7.} 9. Nd5 Bc5 10. Nxf6+ Qxf6 11. Bc3 d6 12. h3 a5 13. a3 {A funny
move, my opponent wanted to avoid Bb4, but allowed me to fix his queenside
structure. Nevertheless, his plan is based on the centre, with e3-d4 at some
point.} a4 14. e3 Bf5 15. Kh2 {Threatening Nh4 followed by f4.} Bh7 (15... Qe7
{was my candidate move} 16. d4 (16. Nh4 Bh7 {looks fine}) 16... Bb6 17. c5 dxc5
(17... Ba7 $5) 18. d5 Na5 $13 {I thought about this position, and couldn't
evaluate it.}) 16. d4 Ba7 (16... Bb6 $5 {this move gives me the option to play
Ba5 eventually} 17. dxe5 dxe5 18. Nxe5 {similar to the game} Nxe5 19. f4 c6 $1
20. Bxe5 {and now Black has the solid 20...Qe6, and also a very interesting
alternative:} Rxe5 $5 21. fxe5 Qxe5 22. Qd7 Rf8 $40 {with Bc7 next, there is a
lot of compensation for the exchange.}) 17. dxe5 {Suddenly I realised I was
losing a pawn with the 18.Nxe5 trick that I missed, but there is a lot of
compensation in the resulting position.} (17. c5 $5 {I was expecting this move,
and after} Be4 18. Rc1 $13 {the position remains unclear.}) 17... dxe5 18. Nxe5
Nxe5 19. f4 c6 $1 {Limiting the g2-B forever.} 20. Bxe5 (20. fxe5 {doesn't
bring White a fantastic position either.} Qe6 21. Qxa4 Bd3 $1 $132) 20... Qe6
21. Qxa4 f6 {Probably the best move, but} (21... Bd4 $5 {was a possible
alternative} 22. Qb4 Bxe5 23. fxe5 Re7 $132 {Black will get the pawn back, and
also create serious pressure on e3. Nevertheless, White is the only one that
can push for a win} 24. Qd6 Qxe5 25. Qxe5 Rxe5 26. Rfe1 Rae8 27. Rad1 Kf8 28.
Rd7 R8e7 29. Rxe7 Kxe7 30. b4 Be4 $14 {with good drawing chances.}) 22. Bc3 Bd3
(22... Be4 $5 {didn't even cross my mind! With this move, Black wants to
exchange the light-squared bishops and tries to exploit the weaknesses around
the white king} 23. Bxe4 Qxe4 $132) 23. Rfe1 Bxc4 $6 (23... Bxe3 $1 24. Qb3 {
was bothering me during the game} (24. Qb4 Qf7 25. c5 {here Black has many
interesting ideas to hold the balance} Bb5 {threatening Ra4} (25... Bf2 $5 {
was my idea, trying to hit g3 somehow} 26. Rxe8+ Rxe8 27. Be1 Be3 $132) 26. b3
h5 $1 27. h4 Bf2 28. Rxe8+ Rxe8 29. Ra2 Be3 $132 {a funny position, the white
Q is close to the centre, but out of play for now, Qg6-Qd3 is a possible idea
for Black}) 24... Bxc4 $1 (24... Qf7 {I thought I had to play this, which is
also fine after all} 25. Bxf6 Bxc4 26. Qc3 {here I missed the important} Bxf4
$1 27. gxf4 gxf6 $11 {and Black equalises}) 25. Qxb7 $6 (25. Qc2 $11) 25... Bd5
{I analysed this move, but it seemed like Black was simply losing a piece} 26.
Bxd5 Qxd5 $1 27. Rxe3 Rxe3 28. Qxa8+ Kh7 {now suddenly White has to deal with
a strong counter-attack} 29. Re1 (29. Qa6 Qf3 $1 {winning the queen} 30. Rg1
Re2+ 31. Qxe2 Qxe2+ $17) 29... Rf3 $3 (29... Rxc3 $6 30. Qe8 $1 Rc2+ 31. Re2
$11 {and White holds}) 30. Bd4 {forced} (30. Re2 $2 Rf1 31. Rg2 Qd1 $19) 30...
Qxd4 31. Rg1 Qxb2+ 32. Rg2 Qb5 $17 {and Black retains the better chances
because of the weaker white king.}) 24. Qb4 Qf7 25. b3 $6 (25. Bd4 $6 Bxd4 26.
exd4 Bd5 $1 {was my idea; now the white king will suffer in the endgame} 27.
Bf1 $5 (27. Qc3 Bxg2 28. Kxg2 Qd5+ $44 {and Rad8, with good play}) 27... Qh5
$132) (25. Rac1 $1 {a hard move to make; now White defends e3, forces the c4-B
to leave, and is able to play Bd4! without ruining the pawn structure (with
exd4)} Bb3 (25... Rxe3 $2 26. Rxe3 Bxe3 27. Re1 $1 {Re7 coming if the B moves}
c5 28. Qxb7 $18) (25... Bxe3 26. Rxe3 $1 Rxe3 27. Bd4 $18 {hitting e3 and c4})
26. Bd4 Bxd4 27. Qxd4 $16 {with a healthy pawn up, and good chances to convert.
}) 25... Bxb3 26. Rab1 Ba2 27. Rb2 Rxe3 {Liquitading everything.} 28. Rxe3 Bxe3
29. Qxb7 Qxb7 30. Rxb7 Rxa3 31. Bb4 Rb3 (31... Ra6 {White is too active, Black
doesn't have time to defend the c6-P} 32. Rb8+ $1 Kh7 (32... Kf7 $4 33. Rf8+
Ke6 (33... Kg6 {runs into a forced checkmate} 34. Be4+ Kh5 35. g4+ Kh4 36. Be1+
Bf2 37. Bxf2#) 34. Re8+ Kd7 35. Rxe3 $18) 33. Be4+ g6 {and White has a wide
variety of moves to create counterplay, Black is poorly coordinated} 34. Rc8
Bd5 35. Bxd5 cxd5 36. Rc7+ Kg8 37. Rc8+ Kf7 38. Rc7+ {once again Black can't
go to the e-file because of Re7+} Kg8 39. Rc8+ Kf7 $11) 32. Bxc6 Rb2+ 33. Kh1
Be6 34. Be4 f5 35. Bc3 Rxb7 36. Bxb7 Kf7 1/2-1/2

[Event "Metz op 30th"]
[Site "Metz"]
[Date "2012.04.23"]
[Round "4"]
[White "Turov, Maxim"]
[Black "Savchenko, Stanislav"]
[Result "1-0"]
[WhiteElo "2658"]
[BlackElo "2541"]
[Annotator "Metz Alekhine/Primel,D"]
[PlyCount "81"]
[EventDate "2012.04.14"]
[EventType "swiss"]
[EventRounds "9"]
[EventCountry "FRA"]
[SourceTitle "EXT 2013"]
[Source "ChessBase"]
[SourceDate "2012.11.22"]
[SourceVersion "1"]
[SourceVersionDate "2012.11.22"]
[SourceQuality "1"]

1. c4 e5 2. Nc3 Nf6 3. g3 Bb4 4. Nf3 Nc6 5. Bg2 O-O 6. O-O d6 7. Nd5 Bc5 8. e3
{[%cal Gd2d4]} a6 9. b3 (9. d3) (9. Nh4 Ba7 10. b3 Nxd5 11. cxd5 Ne7 12. Bb2 f5
13. f4 e4 14. g4 fxg4 15. Bxe4 Qe8 16. f5 Qh5 17. f6 Qxh4 18. fxe7 Rxf1+ 19.
Qxf1 Qxe7 20. Qd3 Bd7 21. Bxh7+ Kh8 22. Rf1 Bb5 23. Qg6 Rf8 24. Rxf8+ Qxf8 25.
Qf5 Qxf5 26. Bxf5 Be2 27. Bc8 Kh7 28. Bxb7 a5 29. Bc3 Bb6 30. Kf2 Bf3 31. b4 a4
32. a3 g5 33. Bc6 Bd1 34. Be8 Kh6 35. Kg3 Ba7 36. Bf6 Bb6 37. Bd8 Bf3 38. Bxa4
Bxd5 {Romanov,E (2611)-Efimenko,Z (2689) Germany 2013 1-0}) 9... Ba7 10. d3
$146 (10. Nxf6+ Qxf6 11. Bb2 Bg4 12. h3 Bh5 13. d3 Qe7 14. Qd2 f5 15. Rae1 Rae8
16. Bc3 Kh8 17. Nh4 Qg5 18. Kh2 f4 19. exf4 exf4 20. Rxe8 Bxe8 21. Nf3 fxg3+ {
1/2-1/2 (21) Vallejo Pons,F (2629)-Anand,V (2757) Linares 2002}) 10... h6 $6 (
10... Ne8 11. Bb2 f5) 11. Nd2 Nxd5 (11... Bf5) 12. cxd5 Ne7 13. Nc4 f6 {
Difficile de justifier la poussée h6} 14. a4 b5 15. Na5 Qe8 16. Bd2 Bb6 17. Kh1
Bd7 18. axb5 axb5 19. b4 h5 20. Rc1 (20. h4 f5 {[%cal Gf5f4,Ge8g6]}) 20... h4
$132 21. g4 Qg6 22. h3 f5 23. gxf5 Bxf5 (23... Qxf5 $5 24. e4 Qf6 25. f4 exf4
26. Bxf4 Ng6 $132) 24. e4 Bd7 25. f4 $1 exf4 26. Bxf4 Rf6 27. Qd2 Raf8 28. Nb3
(28. d4 $5 {[%csl Rb6]}) 28... Qh5 29. d4 Ng6 30. Be3 Rxf1+ 31. Rxf1 Rxf1+ 32.
Bxf1 Nf4 $1 $36 {[%csl Rh3]} 33. Bxf4 Qf3+ 34. Bg2 Qxb3 35. Kh2 Qc4 36. Be3 Qb3
37. Bf2 Qc4 {Espère répeter les coups mais le Bd7 est exposé} (37... Be8 38.
Bxh4) 38. Qg5 $40 {[%csl Rd7][%cal Gg5d8]} Bxd4 39. Qd8+ Kh7 40. Qxd7 Be5+ 41.
Kg1 1-0

[Event "Bundesliga 0102"]
[Site "Germany"]
[Date "2002.03.17"]
[Round "11.6"]
[White "Poldauf, Dirk"]
[Black "Meins, Gerlef"]
[Result "1-0"]
[WhiteElo "2403"]
[BlackElo "2415"]
[Annotator "Meyer,CD"]
[PlyCount "73"]
[EventDate "2001.10.06"]
[EventType "team-tourn"]
[EventRounds "15"]
[EventCountry "GER"]
[SourceTitle "CBM 088"]
[Source "ChessBase"]
[SourceDate "2002.03.21"]
[SourceVersion "1"]
[SourceVersionDate "2002.03.21"]
[SourceQuality "1"]
[WhiteTeam "Neukoelln"]
[BlackTeam "Werder Bremen"]
[WhiteTeamCountry "GER"]
[BlackTeamCountry "GER"]

1. c4 e5 2. Nc3 Nf6 3. Nf3 Nc6 4. e4 Bb4 5. d3 d6 6. g3 O-O 7. Bg2 h6 8. h3 Be6
9. O-O Bxc3 10. bxc3 Nd7 11. Nh4 a6 12. a4 Rb8 13. Rb1 Ne7 14. g4 Ng6 15. Nf5
Nf4 16. Qf3 Bxf5 17. exf5 Nxg2 18. Kxg2 Nc5 19. h4 $5 Qe8 $5 {(Ein
interessanter Damenzug, der verschiedene Möglichkeiten zur Verteidigung wie
auch zum Gegenangriff eröffnet: Dc6, Dxa4, ggf. das Vorgehen e5-e4 oder - wie
gleich in der Partie - den Damentausch auf e4.)} (19... Nxa4 20. g5 $5 $40) 20.
d4 {[#]} {20...} exd4 ({Angesichts der weißen Flügelaktivitäten erscheint
diese Öffnung der Mitte nebst anschließendem Damentausch durchaus logisch.
Dennoch war das kaltblütige} 20... e4 $5 {(mit der Idee eines Bauernraubs)
vielleicht besser:} 21. Qe3 (21. Qg3 Nd3 22. Bd2 (22. g5 h5) 22... Qxa4 23. g5
h5 $1) 21... Nxa4 (21... Nd3 22. Bd2)) 21. cxd4 Qe4 (21... Nxa4 $5 22. g5 h5 $5
23. Ba3 (23. Qxh5 $2 Qe4+ 24. Kh2 Qxf5 $17) 23... g6 $5 (23... Qd7)) 22. Qxe4
Nxe4 23. g5 Nc3 (23... hxg5 24. hxg5 d5 25. c5 b6 26. cxb6 Rxb6 27. Bf4 $14 {
, Meins}) 24. Rb3 Nxa4 25. gxh6 g6 (25... Kh7) 26. Bg5 f6 $2 ({Der
entscheidende Fehler. Richtig war} 26... gxf5 $13 {(26...b5?!), z.B.} 27. Rfb1
Nb6 28. c5 dxc5 29. dxc5 Nd5 30. Rxb7 Rxb7 31. Rxb7 Ra8 {. Der Textzug indes
lädt Weiß geradezu zu einem ebenso resoluten wie gewinnträchtigen Figurenopfer
ein!}) 27. fxg6 $3 fxg5 28. hxg5 {[#]} {28...} Rf4 (28... Rf5 29. f4 (29. Rg3
$2 Re8) 29... Nb6 30. Re3 $1 Nxc4 31. Re7 $18) (28... Nb6 29. Re1 $1 Rf5 30.
Rg3 {/\Re7+-}) 29. Re1 $1 Rf5 30. Rg3 $18 (30. Rxb7 $18 Rxg5+ 31. Kf1 Rd8 32.
Re6 Rc5 33. Rb4 Ra5 34. Re7) 30... Kf8 31. Re6 (31. g7+ Kg8 32. g6 Rh5 33. h7+
Kxg7 34. Re7+ Kh6 (34... Kf8 35. Rge3) 35. g7 $18 {nebst Matt}) 31... Kg8 32.
g7 Nb6 33. Rf6 Ra5 34. g6 Rh5 35. h7+ Kxg7 36. Rf7+ Kh6 37. g7 1-0